Svetlo

Bibliographic Details
Corporate Authors: Goldmann, Maximilián (Trnava) (tlač.), Urbánek, Fr., Kníhtlač. a nakl. (Trnava) (Publisher)
Format: Journal
Language:Slovak
PhysicalDescription:1 čís. 40 x 29 cm
Published: Trnava Fr. Urbánek 1919

MARC

LEADER 00000nas a22000001a 4500
001 vtls010298645
003 SK-MaSNL
005 20260228163443.0
008 110809d19191919xo wr p r 0 b0slo
015 |a SNBDS17XX9999 
015 |a 0761  |2 Kipsová 1919-38 
038 |a SNKBUDS 
040 |a SNK  |b slo  |c SNK  |e AACR2 
041 0 |a slo 
044 |a xo  |c SK 
245 0 0 |a Svetlo 
260 |a Trnava  |b Fr. Urbánek  |c 1919 
300 |a 1 čís.  |c 40 x 29 cm 
310 |a 1x týždenne 
362 0 |a Roč. I, č. 1-2 (1919) 
500 |a Vych. v Trnave každú sobotu 
500 |a Red. Fr. Urbánek 
500 |a Vyd. Fr. Urbánek 
500 |a Tlač. Kníhtlač. Maxa Goldmanna 
500 |a Spracované iba jedno číslo z 1. februára 1919 
505 8 0 |g Roč. I. 1919 čís. 2 4 s. 
700 1 |a Urbánek, Ferko,  |d 1858-1934  |4 red  |9 52614 
710 0 |a Goldmann, Maximilián (Trnava)  |e tlač.  |9 274055 
710 0 |a Urbánek, Fr., Kníhtlač. a nakl. (Trnava)  |e vydav.  |9 274056 
852 |a SNK  |b 10000  |h ČSA 995 
852 |a SNK  |b 10000  |h A 45 d 1 
999 |c 9447  |d 11377